[Event "Marburg op-A"]
[Site "Marburg"]
[Date "2023.10.29"]
[Round "7"]
[White "Bruns, Patrick"]
[Black "Wuestehube, Harry"]
[Result "1-0"]
[WhiteElo "1753"]
[BlackElo "1868"]
[PlyCount "127"]
[EventDate "2023.10.26"]
[EventType "swiss"]
[EventRounds "7"]
[EventCountry "GER"]
[SourceTitle "CB49_2023"]
[SourceDate "2023.12.06"]
[SourceVersion "1"]
[SourceVersionDate "2023.12.06"]
[SourceQuality "1"]

1. e4 e5 2. Nf3 Nc6 3. Bb5 a6 4. Ba4 Nf6 5. 0-0 b5 6. Bb3 Be7 7. Re1 0-0 8. c3 d6 9. h3 Na5 10. Bc2 c5 11. d4 Qc7 12. d5 Nc4 13. b3 Nb6 14. Nbd2 Re8 15. Nf1 Bf8 16. Bg5 Nbd7 17. Ng3 g6 18. Qd2 Bg7 19. a4 Nb6 20. axb5 axb5 21. Rxa8 Nxa8 22. Ra1 Nb6 23. Bd1 Bd7 24. Ne1 Rb8 25. Be2 Ne8 26. Nf1 Qb7 27. Ra5 f6 28. Be3 Nc7 29. Kh2 Ra8 30. Qa2 Rxa5 31. Qxa5 Qa6 32. Qxa6 Nxa6 33. Nc2 Nc7 34. Nd2 Bf8 35. Nb1 Nc8 36. Nba3 Kf7 37. g4 Ke8 38. h4 Kf7 39. Kg3 Bg7 40. f3 Bf8 41. Ne1 Ne7 42. f4 Bg7 43. fxe5 fxe5 44. g5 Ng8 45. b4 c4 46. Bb6 Na8 47. Ba5 Ne7 48. Nec2 h5 49. Ne3 Nc8 50. Naxc4 bxc4 51. Bxc4 Ncb6 52. Ba6 Bf8 53. Nc4 Na4 54. Bb7 Nxc3 55. Bxa8 Nxe4+ 56. Kf3 Nc3 57. Bc6 Bf5 58. b5 Be4+ 59. Kf2 Nxd5 60. Nd2 Nc3 61. Nxe4 Nxe4+ 62. Bxe4 Ke6 63. b6 d5 64. Bxg6 1-0

[Event "Hessenliga 1819"]
[Site "Hessen"]
[Date "2018.12.09"]
[Round "4.6"]
[White "Wuestehube, Harry"]
[Black "Goff, Simon"]
[Result "1-0"]
[WhiteElo "1887"]
[BlackElo "1809"]
[PlyCount "44"]
[EventDate "2018.09.23"]
[EventType "team-tourn"]
[EventRounds "9"]
[EventCountry "GER"]
[SourceTitle "EXT 2020"]
[Source "ChessBase"]
[SourceDate "2019.10.17"]
[SourceVersion "1"]
[SourceVersionDate "2019.10.17"]
[SourceQuality "1"]
[WhiteTeam "Kassel"]
[BlackTeam "Giessen"]
[WhiteTeamCountry "GER"]
[BlackTeamCountry "GER"]

1. e4 c5 2. Nc3 Nc6 3. Bb5 Nd4 4. Bc4 e6 5. Nge2 Nf6 6. 0-0 d5 7. exd5 exd5 8. Nxd5 Nxd5 9. Nxd4 cxd4 10. Qh5 g5 11. Re1+ Be7 12. d3 Kf8 13. Qh6+ Ke8 14. Bxd5 Qxd5 15. Qf6 Be6 16. Qxh8+ Kd7 17. Qxa8 Bb4 18. Bxg5 Kc7 19. Qd8+ Qxd8 20. Bxd8+ Kxd8 21. Re4 Bc5 22. Re5 Bd6 1-0

[Event "Hofheim Spring op-B 6th"]
[Site "Hofheim"]
[Date "2018.04.04"]
[Round "2"]
[White "Tojcic, Josip"]
[Black "Wuestehube, Harry"]
[Result "1/2-1/2"]
[WhiteElo "1732"]
[BlackElo "1901"]
[PlyCount "52"]
[EventDate "2018.04.03"]
[EventType "swiss"]
[EventRounds "9"]
[EventCountry "GER"]
[SourceTitle "EXT 2020"]
[Source "ChessBase"]
[SourceDate "2019.10.17"]
[SourceVersion "1"]
[SourceVersionDate "2019.10.17"]
[SourceQuality "1"]

1. d4 Nf6 2. Nf3 g6 3. Bf4 Bg7 4. e3 0-0 5. Nbd2 d6 6. h3 Nbd7 7. Be2 b6 8. 0-0 Bb7 9. c4 e6 10. Rc1 Qe7 11. b4 c5 12. dxc5 dxc5 13. b5 e5 14. Bg5 h6 15. Bh4 Rfe8 16. Qc2 Qe6 17. Nh2 Nh7 18. e4 Ndf6 19. Ng4 h5 20. Ne3 Red8 21. Nd5 Rd7 22. Nf3 Ne8 23. Ng5 Nxg5 24. Bxg5 f6 25. Be3 Qf7 26. f4 exf4 1/2-1/2

[Event "Hofheim Spring op-B 6th"]
[Site "Hofheim"]
[Date "2018.04.04"]
[Round "3"]
[White "Wuestehube, Harry"]
[Black "Meyer, Marcel"]
[Result "1/2-1/2"]
[WhiteElo "1901"]
[BlackElo "1759"]
[PlyCount "52"]
[EventDate "2018.04.03"]
[EventType "swiss"]
[EventRounds "9"]
[EventCountry "GER"]
[SourceTitle "EXT 2020"]
[Source "ChessBase"]
[SourceDate "2019.10.17"]
[SourceVersion "1"]
[SourceVersionDate "2019.10.17"]
[SourceQuality "1"]

1. e4 c6 2. d4 d5 3. e5 Bf5 4. Nf3 e6 5. Be2 c5 6. Be3 Qb6 7. Nc3 Nc6 8. 0-0 cxd4 9. Nxd4 Nxd4 10. Bxd4 Qa5 11. Bb5+ Kd8 12. a3 Ne7 13. Bd3 Bxd3 14. Qxd3 Nc6 15. b4 Qc7 16. f4 Nxd4 17. Qxd4 Rc8 18. Nb5 Qb6 19. Qxb6+ axb6 20. c3 Be7 21. Rac1 Rc4 22. Rcd1 Kd7 23. Rd4 Rhc8 24. Rxc4 Rxc4 25. g3 f6 26. Rf3 Re4 1/2-1/2

[Event "Heusenstamm Sparkassen op-A 4th"]
[Site "Heusenstamm"]
[Date "2017.11.26"]
[Round "6"]
[White "Wuestehube, Harry"]
[Black "Poschadel, Andreas Gregor"]
[Result "1/2-1/2"]
[WhiteElo "1923"]
[BlackElo "1477"]
[PlyCount "60"]
[EventDate "2017.11.23"]
[EventType "swiss"]
[EventRounds "7"]
[EventCountry "GER"]
[SourceTitle "EXT 2019"]
[Source "ChessBase"]
[SourceDate "2018.10.10"]
[SourceVersion "1"]
[SourceVersionDate "2018.10.10"]
[SourceQuality "1"]

1. e4 e5 2. Nf3 Nc6 3. Bb5 a6 4. Bxc6 dxc6 5. 0-0 Bd6 6. d4 exd4 7. Qxd4 f6 8. Be3 Ne7 9. Nbd2 Be6 10. Qc3 0-0 11. Nc4 Nc8 12. Nxd6 Nxd6 13. Nd2 a5 14. f3 Nb5 15. Qc5 Qd7 16. Rfd1 b6 17. Qh5 Qe7 18. Qh4 Qf7 19. a3 Rad8 20. Nf1 Rd7 21. Qe1 Rfd8 22. Rxd7 Qxd7 23. Rc1 c5 24. c3 Na7 25. Qd2 Qe7 26. Qe2 Bc8 27. Rd1 Nc6 28. Rxd8+ Qxd8 29. Qd2 Qxd2 30. Nxd2 Be6 1/2-1/2

[Event "Korbach op 9th"]
[Site "Korbach"]
[Date "2017.10.22"]
[Round "7"]
[White "Stahnke, Thorsten"]
[Black "Wuestehube, Harry"]
[Result "1/2-1/2"]
[WhiteElo "2026"]
[BlackElo "1906"]
[PlyCount "52"]
[EventDate "2017.10.19"]
[EventType "swiss"]
[EventRounds "7"]
[EventCountry "GER"]
[SourceTitle "CBM 181 Extra"]
[Source "ChessBase"]
[SourceDate "2017.12.12"]
[SourceVersion "1"]
[SourceVersionDate "2017.12.12"]
[SourceQuality "1"]

1. c4 c5 2. Nf3 Nc6 3. d4 cxd4 4. Nxd4 Nf6 5. Nc3 g6 6. e4 d6 7. Be2 Bg7 8. Be3 0-0 9. Qd2 Bd7 10. 0-0 Ng4 11. Bxg4 Bxg4 12. Nd5 e5 13. Nc2 Qd7 14. Rac1 f6 15. b4 Ne7 16. Nxe7+ Qxe7 17. b5 Rfd8 18. Nb4 Be6 19. Rc3 Qf7 20. Nd5 Bf8 21. Rfc1 Rdc8 22. b6 a6 23. a4 Rab8 24. a5 Bd7 25. f3 Bc6 26. Qc2 Rd8 1/2-1/2

[Event "Korbach op 9th"]
[Site "Korbach"]
[Date "2017.10.20"]
[Round "2"]
[White "Wuestehube, Harry"]
[Black "Deutsch, Christoph"]
[Result "1/2-1/2"]
[WhiteElo "1906"]
[BlackElo "1755"]
[PlyCount "71"]
[EventDate "2017.10.19"]
[EventType "swiss"]
[EventRounds "7"]
[EventCountry "GER"]
[SourceTitle "CBM 181 Extra"]
[Source "ChessBase"]
[SourceDate "2017.12.12"]
[SourceVersion "1"]
[SourceVersionDate "2017.12.12"]
[SourceQuality "1"]

1. e4 e5 2. Nf3 Nc6 3. Bb5 Nf6 4. d3 d6 5. h3 Be7 6. c3 0-0 7. 0-0 a6 8. Ba4 b5 9. Bc2 Re8 10. Re1 h6 11. Nbd2 Bf8 12. Nf1 Ne7 13. Ng3 Ng6 14. a4 Bd7 15. d4 c5 16. d5 Qc7 17. Be3 Rec8 18. Qd2 Rab8 19. axb5 axb5 20. Rec1 b4 21. Ba4 bxc3 22. bxc3 Ra8 23. Bxd7 Qxd7 24. Qc2 Rcb8 25. c4 Kh7 26. Ne2 Ne7 27. Nc3 Nc8 28. Rxa8 Rxa8 29. Rb1 Na7 30. Qb3 Nc8 31. Nd2 Qa7 32. Qb7 Nd7 33. Qc6 Ndb6 34. Nb5 Qe7 35. Nc3 Qa7 36. Qe8 1/2-1/2

[Event "Hofheim Spring op-B 5th"]
[Site "Hofheim"]
[Date "2017.04.11"]
[Round "8"]
[White "Wuestehube, Harry"]
[Black "Rachor, Felix"]
[Result "1/2-1/2"]
[WhiteElo "1877"]
[BlackElo "1580"]
[PlyCount "107"]
[EventDate "2017.04.07"]
[EventType "swiss"]
[EventRounds "9"]
[EventCountry "GER"]
[SourceTitle "CBM 178 Extra"]
[Source "ChessBase"]
[SourceDate "2017.06.22"]
[SourceVersion "1"]
[SourceVersionDate "2017.06.22"]
[SourceQuality "1"]

1. e4 c5 2. Nc3 d6 3. f4 e6 4. Nf3 Nf6 5. Bb5+ Bd7 6. Bxd7+ Nbxd7 7. d3 a6 8. 0-0 Be7 9. Qe2 Qc7 10. Bd2 Rc8 11. Rae1 0-0 12. Nd1 b5 13. Nf2 b4 14. b3 Nb6 15. Nh1 d5 16. exd5 Nfxd5 17. Ne5 Bf6 18. Ng3 Bh4 19. Qg4 Bxg3 20. Qxg3 Ne7 21. Qf2 Nf5 22. Nf3 Nd5 23. g3 Rfd8 24. Rc1 Qa5 25. Ra1 Nd4 26. Rfc1 Nxf3+ 27. Qxf3 Qb6 28. Qf2 a5 29. a4 Nf6 30. h3 Rc6 31. Re1 Kf8 32. Re5 Nd5 33. Rae1 Ne7 34. Be3 Rd5 35. Bc1 Ng6 36. R5e4 Rcd6 37. f5 Ne7 38. fxe6 f6 39. g4 Ng6 40. Kg2 Ke7 41. Be3 Ne5 42. Bf4 Rxe6 43. Bxe5 Rdxe5 44. Rxe5 Rxe5 45. Rxe5+ fxe5 46. Qf5 Qc6+ 47. Kg3 Qf6 48. Qxh7 Qf4+ 49. Kg2 Qd2+ 50. Kf3 Qf4+ 51. Ke2 Qh2+ 52. Kd1 Qg1+ 53. Kd2 Qf2+ 54. Kc1 1/2-1/2

[Event "Hofheim Spring op-B 5th"]
[Site "Hofheim"]
[Date "2017.04.10"]
[Round "6"]
[White "Wuestehube, Harry"]
[Black "Kuenitz, Klaus"]
[Result "1/2-1/2"]
[WhiteElo "1877"]
[BlackElo "1777"]
[PlyCount "115"]
[EventDate "2017.04.07"]
[EventType "swiss"]
[EventRounds "9"]
[EventCountry "GER"]
[SourceTitle "CBM 178 Extra"]
[Source "ChessBase"]
[SourceDate "2017.06.22"]
[SourceVersion "1"]
[SourceVersionDate "2017.06.22"]
[SourceQuality "1"]

1. e4 e6 2. d3 d5 3. Nd2 c5 4. Ngf3 Nc6 5. g3 Nf6 6. Bg2 Be7 7. 0-0 Qc7 8. Re1 b6 9. c3 Bb7 10. a3 dxe4 11. dxe4 e5 12. Nc4 Rd8 13. Qc2 0-0 14. Bg5 h6 15. Bxf6 Bxf6 16. Ne3 Ne7 17. c4 Nc6 18. Nd5 Qd6 19. Qc3 Nd4 20. h4 g6 21. Nxf6+ Qxf6 22. Nd2 g5 23. hxg5 hxg5 24. Nf1 Kg7 25. Ne3 Rh8 26. Nf5+ Nxf5 27. exf5 Bxg2 28. Kxg2 Rd4 29. Qe3 Qxf5 30. Qxe5+ Qxe5 31. Rxe5 Kf6 32. Rae1 Rxc4 33. R1e2 Rc2 34. Re6+ fxe6 35. Rxc2 Rd8 36. Kf3 Rd4 37. Ke3 g4 38. b4 Rd5 39. Rc4 Re5+ 40. Kf4 cxb4 41. axb4 Re2 42. f3 gxf3 43. Kxf3 Re5 44. Rh4 a5 45. bxa5 bxa5 46. Rh8 Rb5 47. Ra8 Ke5 48. Ke3 Kd5 49. Kd3 Kc6 50. Kc3 Kb6 51. Rb8+ Ka6 52. Re8 Rb6 53. Kc4 Ka7 54. Re7+ Ka6 55. Re8 Rb4+ 56. Kc3 Re4 57. g4 Kb6 58. g5 1/2-1/2

[Event "Bad Zwesten op 17th"]
[Site "Bad Zwesten"]
[Date "2017.01.04"]
[Round "4"]
[White "Wuestehube, Harry"]
[Black "Schweisgut, Jens"]
[Result "1-0"]
[WhiteElo "1880"]
[BlackElo "1752"]
[PlyCount "107"]
[EventDate "2017.01.02"]
[EventType "swiss"]
[EventRounds "7"]
[EventCountry "GER"]
[SourceTitle "CBM 176 Extra"]
[Source "ChessBase"]
[SourceDate "2017.03.02"]
[SourceVersion "1"]
[SourceVersionDate "2017.03.02"]
[SourceQuality "1"]

1. e4 c5 2. Nc3 Nc6 3. f4 d6 4. Nf3 Nf6 5. Bb5 Bg4 6. Bxc6+ bxc6 7. d3 Nd7 8. 0-0 e5 9. Qe1 Bxf3 10. Rxf3 Qc7 11. b3 Be7 12. Bd2 Nb6 13. fxe5 dxe5 14. Qg3 Bf8 15. Be3 f6 16. Qf2 Nd7 17. Na4 Qd6 18. Qd2 a5 19. Raf1 Be7 20. Qf2 Kd8 21. Rh3 Kc7 22. Bd2 Qd4 23. Be3 Qd6 24. Kh1 Kb7 25. Bd2 Nb6 26. Nxb6 Kxb6 27. a4 Kb7 28. Qe1 Bd8 29. Rhf3 Bb6 30. Rf5 Rhf8 31. Qh4 Rh8 32. Rh5 h6 33. Qg3 Rag8 34. Qg6 Ka6 35. Rhf5 Qe7 36. R1f3 Rd8 37. h4 Rhg8 38. h5 Qd7 39. Qg3 Qd6 40. Qe1 Qc7 41. Rg3 Kb7 42. Rg6 Rde8 43. Rf3 Rd8 44. Rfg3 Rd7 45. Rxh6 gxh6 46. Rxg8 Rg7 47. Rxg7 Qxg7 48. Qe2 Qg3 49. c4 Qg7 50. Qf3 Ka6 51. Kh2 Bd8 52. Qf5 Qb7 53. Bxh6 Qxb3 54. Qc8+ 1-0

[Event "Bad Zwesten op 17th"]
[Site "Bad Zwesten"]
[Date "2017.01.03"]
[Round "3"]
[White "Donchenko, Anatoly G"]
[Black "Wuestehube, Harry"]
[Result "1-0"]
[WhiteElo "2321"]
[BlackElo "1880"]
[PlyCount "51"]
[EventDate "2017.01.02"]
[EventType "swiss"]
[EventRounds "7"]
[EventCountry "GER"]
[SourceTitle "CBM 176 Extra"]
[Source "ChessBase"]
[SourceDate "2017.03.02"]
[SourceVersion "1"]
[SourceVersionDate "2017.03.02"]
[SourceQuality "1"]

1. Nf3 Nf6 2. d4 g6 3. g3 Bg7 4. Bg2 d6 5. 0-0 0-0 6. b3 c5 7. c4 cxd4 8. Nxd4 Qa5 9. Qd2 Qxd2 10. Bxd2 Ne4 11. Bxe4 Bxd4 12. Nc3 Nc6 13. Rac1 Bh3 14. Rfd1 Bg7 15. Be3 a6 16. Nd5 Rab8 17. b4 e5 18. Bg2 Be6 19. Bb6 Rbc8 20. a3 Rfe8 21. Nc7 Re7 22. Nxe6 Rxe6 23. b5 Ne7 24. Bxb7 Rb8 25. bxa6 Nc6 26. Bc7 1-0

[Event "Heusenstamm Sparkassen op-A 3rd"]
[Site "Heusenstamm"]
[Date "2016.11.27"]
[Round "4"]
[White "Wuestehube, Harry"]
[Black "Balhar, Michael"]
[Result "1/2-1/2"]
[WhiteElo "1884"]
[BlackElo "1758"]
[PlyCount "110"]
[EventDate "2016.11.24"]
[EventType "swiss"]
[EventRounds "7"]
[EventCountry "GER"]
[SourceTitle "EXT 2018"]
[Source "ChessBase"]
[SourceDate "2017.10.13"]
[SourceVersion "1"]
[SourceVersionDate "2017.10.13"]
[SourceQuality "1"]

1. e4 c5 2. Nc3 Nc6 3. f4 g6 4. Nf3 Bg7 5. Bb5 Nd4 6. Bd3 d6 7. Nxd4 cxd4 8. Ne2 Nf6 9. 0-0 0-0 10. Ng3 e5 11. fxe5 dxe5 12. Bc4 Qb6 13. d3 Be6 14. Bxe6 Qxe6 15. c4 Qc6 16. Bd2 b5 17. b3 bxc4 18. bxc4 Rab8 19. Qc2 Nd7 20. Rab1 Rxb1 21. Rxb1 Rb8 22. Nh1 Rxb1+ 23. Qxb1 Bf8 24. Nf2 Bc5 25. Qb5 Qb6 26. Kf1 Qxb5 27. cxb5 f6 28. Ke2 Kf7 29. Kd1 Nb6 30. Kc2 Ke6 31. Kb3 Nd7 32. a4 Be7 33. a5 Nc5+ 34. Kc4 Nb7 35. Bb4 Bxb4 36. Kxb4 Kd6 37. Nd1 f5 38. Nb2 fxe4 39. dxe4 Kc7 40. Nc4 d3 41. Kc3 Nc5 42. Nxe5 Nxe4+ 43. Kxd3 Nd6 44. b6+ axb6 45. axb6+ Kxb6 46. Ke3 Kc7 47. Kf4 Kd8 48. Kg5 Ne4+ 49. Kh6 Nf6 50. Kg7 Ke7 51. Nf3 Ke6 52. h3 Kf5 53. Nh4+ Kg5 54. Nf3+ Kf5 55. Nd4+ Kg5 1/2-1/2

[Event "Korbach op 8th"]
[Site "Korbach"]
[Date "2016.10.21"]
[Round "3"]
[White "Wuestehube, Harry"]
[Black "Werner, Martin"]
[Result "1/2-1/2"]
[WhiteElo "1874"]
[BlackElo "2029"]
[PlyCount "49"]
[EventDate "2016.10.20"]
[EventType "swiss"]
[EventRounds "7"]
[EventCountry "GER"]
[SourceTitle "CBM 175 Extra"]
[Source "ChessBase"]
[SourceDate "2016.12.12"]
[SourceVersion "1"]
[SourceVersionDate "2016.12.12"]
[SourceQuality "1"]

1. e4 d5 2. exd5 Nf6 3. Bb5+ Nbd7 4. c4 a6 5. Bxd7+ Qxd7 6. Qf3 e6 7. dxe6 Qxe6+ 8. Qe2 Bc5 9. Qxe6+ Bxe6 10. b3 Ne4 11. Nf3 Bxf2+ 12. Ke2 Ba7 13. d3 Nf6 14. Bb2 0-0-0 15. Bxf6 gxf6 16. Nbd2 Bf5 17. d4 Rhe8+ 18. Kf2 Bxd4+ 19. Nxd4 Rxd4 20. Nf3 Rde4 21. Rhe1 Rxe1 22. Nxe1 Rd8 23. Nf3 Be4 24. Re1 f5 25. Re2 1/2-1/2

[Event "Vellmar op 8th"]
[Site "Vellmar"]
[Date "2016.07.30"]
[Round "4"]
[White "Wuestehube, Harry"]
[Black "Reichelt, Ole"]
[Result "1-0"]
[WhiteElo "1888"]
[BlackElo "1738"]
[PlyCount "105"]
[EventDate "2016.07.28"]
[EventType "swiss"]
[EventRounds "7"]
[EventCountry "GER"]
[SourceTitle "CBM 173 Extra"]
[Source "ChessBase"]
[SourceDate "2016.08.29"]
[SourceVersion "1"]
[SourceVersionDate "2016.08.29"]
[SourceQuality "1"]

1. e4 e6 2. d3 d5 3. Nd2 Nf6 4. Ngf3 c5 5. g3 Nc6 6. Bg2 Bd6 7. 0-0 0-0 8. Re1 Qc7 9. c3 b6 10. Qe2 dxe4 11. dxe4 Be5 12. Nxe5 Nxe5 13. f4 Nc6 14. e5 Nd5 15. Ne4 Nde7 16. Be3 Nf5 17. Bf2 Bb7 18. g4 Nfe7 19. Nd6 Na5 20. Nxb7 Nxb7 21. f5 exf5 22. gxf5 Rae8 23. Qe4 Nd8 24. Bg3 Nec6 25. e6 Qe7 26. Rad1 fxe6 27. Bd6 exf5 28. Bxe7 fxe4 29. Bxf8 Rxf8 30. Rxe4 Nf7 31. Rd7 Nfe5 32. Rc7 Rd8 33. Re1 Rd6 34. Bxc6 Rxc6 35. Rxc6 Nxc6 36. Re6 Na5 37. Re7 Nc4 38. b3 Nd6 39. Rxa7 Nb5 40. Ra8+ Kf7 41. c4 Nc3 42. Ra7+ Kf6 43. Ra6 Ke5 44. Rxb6 Nxa2 45. Rb7 Kf6 46. Rb5 Nc1 47. Kf2 g5 48. Ke3 g4 49. Kd2 Na2 50. Rxc5 Kg6 51. Ke3 h5 52. Kf4 Nc3 53. Rc6+ 1-0

[Event "Vellmar op 8th"]
[Site "Vellmar"]
[Date "2016.07.29"]
[Round "3"]
[White "Pubantz, Jan"]
[Black "Wuestehube, Harry"]
[Result "1-0"]
[WhiteElo "1723"]
[BlackElo "1888"]
[PlyCount "99"]
[EventDate "2016.07.28"]
[EventType "swiss"]
[EventRounds "7"]
[EventCountry "GER"]
[SourceTitle "CBM 173 Extra"]
[Source "ChessBase"]
[SourceDate "2016.08.29"]
[SourceVersion "1"]
[SourceVersionDate "2016.08.29"]
[SourceQuality "1"]

1. d4 Nf6 2. c4 g6 3. Nc3 Bg7 4. e4 d6 5. Be2 0-0 6. Be3 e5 7. Nf3 Nbd7 8. d5 Nc5 9. Nd2 a5 10. a3 Bd7 11. b3 Ne8 12. Qc2 f5 13. f3 Nf6 14. 0-0-0 fxe4 15. fxe4 Ng4 16. Bxg4 Bxg4 17. Rdf1 Qe7 18. Rxf8+ Rxf8 19. b4 axb4 20. axb4 Na6 21. Na2 c6 22. dxc6 bxc6 23. Qa4 Qb7 24. Nb3 Rc8 25. Kb2 Be2 26. Na5 Qa8 27. Nc3 Bg4 28. Nb3 Qb7 29. b5 cxb5 30. cxb5 Nc7 31. b6 Ne8 32. Ra1 Bd7 33. Qa7 Rb8 34. Qxb7 Rxb7 35. Na5 Rb8 36. Nd5 Nf6 37. Ne7+ Kf7 38. Nec6 Re8 39. b7 Bxc6 40. Nxc6 Nd7 41. Ra8 Bf6 42. b8Q Nxb8 43. Rxb8 Rxb8+ 44. Nxb8 Ke6 45. Kc3 d5 46. Kd3 d4 47. Bf2 h5 48. Nc6 h4 49. h3 g5 50. Nb4 1-0

[Event "Vellmar op 8th"]
[Site "Vellmar"]
[Date "2016.07.29"]
[Round "2"]
[White "Wuestehube, Harry"]
[Black "Rueberg, Jobst"]
[Result "0-1"]
[WhiteElo "1888"]
[BlackElo "2123"]
[PlyCount "102"]
[EventDate "2016.07.28"]
[EventType "swiss"]
[EventRounds "7"]
[EventCountry "GER"]
[SourceTitle "CBM 173 Extra"]
[Source "ChessBase"]
[SourceDate "2016.08.29"]
[SourceVersion "1"]
[SourceVersionDate "2016.08.29"]
[SourceQuality "1"]

1. e4 c5 2. Nc3 e6 3. f4 a6 4. Nf3 Nc6 5. g3 d6 6. Bg2 Bd7 7. 0-0 Be7 8. d3 Qc7 9. Bd2 h5 10. h3 Nd4 11. Nxd4 cxd4 12. Ne2 Bf6 13. Rc1 Qb6 14. b3 Ne7 15. Kh1 g6 16. c4 Bg7 17. Qe1 a5 18. Ng1 Nc6 19. h4 0-0 20. Bh3 Qd8 21. Nf3 Ne7 22. Ng5 Qc8 23. Qe2 f6 24. Nf3 e5 25. Bxd7 Qxd7 26. Kh2 Nc6 27. Ng1 f5 28. Nh3 Rae8 29. Ng5 Bf6 30. Qg2 Bxg5 31. fxg5 Kg7 32. Rce1 Rf7 33. exf5 Rxf5 34. Re2 Ref8 35. Ref2 Qe6 36. Kg1 R8f7 37. a3 Qd7 38. b4 axb4 39. axb4 Ne7 40. Qe4 b5 41. Kg2 bxc4 42. Rxf5 Nxf5 43. dxc4 Qe6 44. Rc1 Ra7 45. Rc2 Ra3 46. b5 Rxg3+ 47. Kh2 Rb3 48. Ra2 Ne7 49. Ra7 Qh3+ 50. Kg1 Rg3+ 51. Kf2 Qh2+ 0-1

[Event "Hessen-ch Seniors op 12th"]
[Site "Bad Sooden-Allendorf"]
[Date "2016.05.08"]
[Round "9"]
[White "Wuestehube, Harry"]
[Black "Budeck, Alfred"]
[Result "1-0"]
[WhiteElo "1905"]
[BlackElo "1802"]
[PlyCount "107"]
[EventDate "2016.04.30"]
[EventType "swiss"]
[EventRounds "9"]
[EventCountry "GER"]
[SourceTitle "EXT 2019"]
[Source "ChessBase"]
[SourceDate "2018.10.10"]
[SourceVersion "1"]
[SourceVersionDate "2018.10.10"]
[SourceQuality "1"]

1. e4 Nf6 2. e5 Nd5 3. d4 d6 4. c4 Nb6 5. exd6 exd6 6. Nc3 Be7 7. h3 Nc6 8. Nf3 Bf5 9. a3 0-0 10. Be2 Bf6 11. 0-0 Re8 12. Be3 Ne7 13. Qd2 Ng6 14. Rfe1 c6 15. Rad1 Nh4 16. Nxh4 Bxh4 17. b3 h6 18. Bf3 Bg5 19. Bxg5 Qxg5 20. Qxg5 hxg5 21. Be4 g6 22. Kf1 Nd7 23. g4 Bxe4 24. Nxe4 c5 25. dxc5 Nxc5 26. Nf6+ Kf8 27. Nxe8 Rxe8 28. Rxe8+ Kxe8 29. b4 Ne6 30. Rxd6 Ke7 31. Rd3 f5 32. Ke1 Nf4 33. Re3+ Kf7 34. Kd2 Ne6 35. Kc3 f4 36. Rd3 Ke7 37. Rd5 b6 38. a4 Kf6 39. a5 Ke7 40. axb6 axb6 41. Rb5 f3 42. Rxb6 Nf4 43. Ra6 Nxh3 44. Ra2 Kd6 45. Kd4 Nf4 46. Ke3 Ne6 47. Ra6+ Ke5 48. Rxe6+ Kxe6 49. Kd4 Kd6 50. c5+ Kc6 51. Ke5 Kb5 52. Kd6 Ka6 53. Kd7 Ka7 54. c6 1-0

[Event "Hessen-ch Seniors op 12th"]
[Site "Bad Sooden-Allendorf"]
[Date "2016.05.02"]
[Round "3"]
[White "Wuestehube, Harry"]
[Black "Krueger, Bernhard"]
[Result "1-0"]
[WhiteElo "1905"]
[BlackElo "1743"]
[PlyCount "27"]
[EventDate "2016.04.30"]
[EventType "swiss"]
[EventRounds "9"]
[EventCountry "GER"]
[SourceTitle "EXT 2019"]
[Source "ChessBase"]
[SourceDate "2018.10.10"]
[SourceVersion "1"]
[SourceVersionDate "2018.10.10"]
[SourceQuality "1"]

1. e4 d5 2. exd5 Qxd5 3. Nc3 Qa5 4. Bc4 Nf6 5. d3 c6 6. h3 Bf5 7. f4 e5 8. Qe2 Nbd7 9. Bd2 Bb4 10. 0-0-0 Qc7 11. fxe5 Qxe5 12. Qxe5+ Nxe5 13. Re1 Bd6 14. d4 1-0